The Dhaka law reports : table of cases of the appellate division of the supreme court of Bangladesh. Volume XXXVI /

التفاصيل البيبلوغرافية
مؤلفون آخرون: Chowdhury, Obaidul Haque
التنسيق: كتاب
اللغة:English
منشور في: Dhaka : Dhaka Law Reports, 1984.
الموضوعات:
Classic Catalogue: View this record in Classic Catalogue
LEADER 01736nam a2200313 a 4500
001 0020925
003 BD-DhAAL
008 110419s1984 bg w 000 0 eng d
040 |a BD-DhAAL  |c BD-DhAAL 
082 0 0 |a 348.5492046  |2 22 
130 0 |a DLR  |9 4101 
245 0 4 |a The Dhaka law reports :  |b table of cases of the appellate division of the supreme court of Bangladesh.  |n Volume XXXVI /  |c editor, Obaidul Huq Chowdhury. 
246 1 7 |a The Dhaka Law Reports 
260 |a Dhaka :  |b Dhaka Law Reports,  |c 1984. 
300 |a 284, 360, 248, p. :  |c 25 cm 
362 0 |a Vol. 36 (1982) 
500 |a "A journal of law reports." 
500 |a Latest issue consulted: Vol.XXXVI, January to December,1984 
526 |a SOL  |x Saira Rahman Khan, Associate Professor School of Law BRAC University 
541 |e 0020925, 0022321  |a Anupam Gyan Bhandar 
590 |a Published yearly. 
650 0 |a Law reports, digests, etc.  |z Bangladesh.  |9 4102 
700 1 |a Chowdhury, Obaidul Haque.  |9 1137 
852 4 |a Ayesha Abed Library  |c Reference Section 
942 |2 ddc  |c 1HOUR 
999 |c 10727  |d 10727 
952 |0 0  |1 0  |2 ddc  |4 0  |6 348_549204600000000_DHA  |7 0  |8 REF  |9 16142  |a BRACUL  |b BRACUL  |c REF  |d 2011-04-19  |l 2  |o 348.5492046 DHA  |p 3010022321  |r 2014-03-16  |s 2014-03-16  |t 2  |w 2011-04-19  |y 1HOUR  |x Available 
952 |0 0  |1 0  |2 ddc  |4 0  |6 348_549204600000000_DHA  |7 0  |8 REF  |9 24016  |a BRACUL  |b BRACUL  |c REF  |d 2014-03-24  |e Anupam Gyan Bhandar  |l 10  |o 348.5492046 DHA  |p 3010020925  |r 2019-07-15  |s 2019-07-15  |t 1  |w 2014-03-24  |y 1HOUR  |x Requisitioned by Saira Rahman Khan, Associate Professor, School of Law, BRAC University. 
952 |0 0  |1 0  |2 ddc  |4 0  |6 348_549200000000000_046_DHA  |7 0  |8 REF  |9 54212  |a BRACUL  |b BRACUL  |c REF  |d 2015-06-09  |g 994.00  |l 4  |o 348.5492046 DHA  |p 3010029142  |r 2018-03-13  |s 2018-03-13  |t 3  |w 2015-06-09  |y 1HOUR